000 00755nam a2200193Ia 4500
008 151119s9999||||xx |||||||||||||| ||und||
082 _a615.535
082 _bGKKV30378
100 _a"गाला, ध रा"
245 _aआरोग्याची गुरुकिल्ली निसर्गोपचार पद्धती
260 _a--
260 _b--
260 _c2009
600 _a"गाला, ध रा"
630 _aआरोग्याची गुरुकिल्ली निसर्गोपचार पद्धती
700 _a"गाला, ध रा"
730 _aआरोग्याची गुरुकिल्ली निसर्गोपचार पद्धती
942 _cBOOK
999 _c1082710
_d1082707